MARC details
| 000 -LEADER |
| fixed length control field |
01767cad a22002535a 4500 |
| 001 - CONTROL NUMBER |
| control field |
L154114 |
| 008 - FIXED-LENGTH DATA ELEMENTS--GENERAL INFORMATION |
| fixed length control field |
111017s2011 xxk f 000 0 eng d |
| 035 ## - SYSTEM CONTROL NUMBER |
| System control number |
(Sirsi) u154114 |
| 041 0# - LANGUAGE CODE |
| Language code of text/sound track or separate title |
eng |
| 110 2# - MAIN ENTRY--CORPORATE NAME |
| Corporate name or jurisdiction name as entry element |
Olympic Delivery Authority |
| 9 (RLIN) |
5117 |
| 245 00 - TITLE STATEMENT |
| Title |
Learning legacy |
| Remainder of title |
the online Olympic learning legacy portal |
| Medium |
[electronic resource] |
| 260 ## - PUBLICATION, DISTRIBUTION, ETC. |
| Place of publication, distribution, etc. |
London |
| Name of publisher, distributor, etc. |
ODA |
| Date of publication, distribution, etc. |
2011 |
| 520 ## - SUMMARY, ETC. |
| Summary, etc. |
The aim of the Learning Legacy is to share the knowledge and lessons learned from the London 2012 construction project to raise the bar within the construction sector and to act as a showcase for UK plc. Legacy documents include short reports, case studies and research paper summaries covering archaeology, design and engineering innovation, equality, inclusion, employment and skills, health and safety, masterplanning and town planning, procurement and supply chain management, project and programme management, sustainability, systems and technology, and transport. Contributors include contractors, trade bodies, government, academia, the ODA, RICS, HSE, ICE, CIOB, IOSH, the Institution of Engineering and Technology, the Green Building Council, and the Landscape Institute. The legacy website will be updated going forward to become a comprehensive online library for companies to refer to. |
| 590 ## - LOCAL NOTE (RLIN) |
| Local note |
KA NTK |
| 650 24 - SUBJECT ADDED ENTRY--TOPICAL TERM |
| Topical term or geographic name entry element |
OLYMPIC GAMES 2012 |
| 651 #4 - SUBJECT ADDED ENTRY--GEOGRAPHIC NAME |
| Geographic name |
United Kingdom |
| Chronological subdivision |
|
| 690 ## - LOCAL SUBJECT ADDED ENTRY--TOPICAL TERM (OCLC, RLIN) |
| Topical term or geographic name as entry element |
Project management |
| 9 (RLIN) |
6261 |
| 690 ## - LOCAL SUBJECT ADDED ENTRY--TOPICAL TERM (OCLC, RLIN) |
| Topical term or geographic name as entry element |
ENVIRONMENTAL AND LAND CONSULTANCY-PLANNING AND DEVELOPMENT |
| 690 ## - LOCAL SUBJECT ADDED ENTRY--TOPICAL TERM (OCLC, RLIN) |
| Topical term or geographic name as entry element |
MANAGEMENT-HEALTH AND SAFETY |
| 690 ## - LOCAL SUBJECT ADDED ENTRY--TOPICAL TERM (OCLC, RLIN) |
| Topical term or geographic name as entry element |
BUILT ENVIRONMENT-CONSTRUCTION MARKET |
| 690 ## - LOCAL SUBJECT ADDED ENTRY--TOPICAL TERM (OCLC, RLIN) |
| Topical term or geographic name as entry element |
Procurement |
| 9 (RLIN) |
6260 |
| 856 40 - ELECTRONIC LOCATION AND ACCESS |
| Uniform Resource Identifier |
<a href="https://learninglegacy.london2012.com/index.php">https://learninglegacy.london2012.com/index.php</a> |
| Public note |
View the portal free of charge at learninglegacy.london2012.com |
| 942 ## - ADDED ENTRY ELEMENTS (KOHA) |
| Suppress in OPAC |
0 |